Význam dokumentárneho akreditívu v medzinárodnom platobnom styku dizertačná práca

Guardado en:
Detalles Bibliográficos
Autor principal: Vokorokosová, Renáta, 1967-
Autor Corporativo: Ekonomická univerzita v Bratislave. Obchodná fakulta
Otros Autores: Lipková, Ľudmila
Formato: Libro
Lenguaje:eslovaco
Publicado: Bratislava 1999
Materias:
Etiquetas: Agregar Etiqueta
Sin Etiquetas, Sea el primero en etiquetar este registro!

MARC

LEADER 00000nam a2200000 4500
001 0198824
005 20221207103906.3
041 0 |a slo 
044 |a SK 
245 1 0 |a Význam dokumentárneho akreditívu v medzinárodnom platobnom styku  |b dizertačná práca  |c Renáta Vokorokosová ; školiteľ: Ľudmila Lipková 
264 1 |a Bratislava  |c 1999 
300 |a 160 s. 
610 2 0 |a obchod medzinárodný 
610 2 0 |a akreditív dokumentárny 
610 2 0 |a styk platobný medzinárodný 
100 1 |a Vokorokosová, Renáta, 1967- 
700 1 |a Lipková, Ľudmila 
710 2 |a Ekonomická univerzita v Bratislave. Obchodná fakulta